Представление документа в формате RUSMARC

ПолеНазваниеЗначение
  Тип записи a
  Библиографический уровень c
001 Контрольный номер ce096b082b544807a2122c77dd6b28ca
005 Дата корректировки 20251118101600.5
010 Индекс ISBN __
a ISBN 978-5-521-05303-2
b Уточнения в пер.
d Цена 629-42
100 Данные общей обработки __
a Данные общей обработки 20201222d2017####m 0rusy0289 ca
101 Язык документа 0_
a Язык текста rus
102 Страна публикации __
a Страна публикации RU
105 Кодированные данные (монография) __
a Кодированные данные (монография) y 000ay
181 Поле кодированных данных: вид содержания _0
a Код вида содержания (ISBD) i
182 Поле кодированных данных: тип средства _0
a Код типа средства (ISBD) n
200 Заглавие и сведения об ответственности 1_
a Заглавие Сильное чувство
f Первые сведения об ответственности Илья Ильф, Евгений Петров
e Сведения, относящиеся к заглавию [сборник пьес и сценариев]
203 Вид содержания и тип средства __
a Вид содержания Текст
c Тип средства непосредственный
210 Выходные данные 1_
a Место издания Москва
c Издательство T8 RUGRAM
d Дата издания 2017
215 Физическое описание __
a Объем 342, [1] c.
d Формат 22 см
330 Аннотация __
a Аннотация Перед вами издание, представляющее собой сборник сатирических пьес и сценариев, написанных Ильей Ильфом и Евгением Петровым с 1928 по 1937 годы. Дуэт писателей очень точно и ярко отображает всю несуразность и нелепость советской жизни, в гротескной форме высмеивая человеческие пороки. Читатели обязательно оценят яркий, веселый и жизнерадостный язык профессионалов и отметят, что и в те "далекие времена" создавались замечательные произведения с искрометным юмором, которые лучше многих учебников истории расскажут о людях и действительности 20х-30х гг.
333 Примечание о целевом назначении __
a Примечание о целевом назначении 16+. Для детей старше 16 лет
464 Аналитический уровень _0
1 2001
a Вице-король
464 Аналитический уровень _0
1 2001
a Нервные люди
464 Аналитический уровень _0
1 2001
a Богатая невеста
464 Аналитический уровень _0
1 2001
a Барак
464 Аналитический уровень _0
1 2001
a Однажды летом
464 Аналитический уровень _0
1 2001
a Под куполом цирка
464 Аналитический уровень _0
1 2001
a Сценарий звукового кинофильма
606 Тематические рубрики __
a Основная рубрика Художественная литература
606 Тематические рубрики __
a Основная рубрика Русская литература XX в. (произведения)
z Хронологическая подрубрика 20 в.
610 Ключевые слова 0_
a Ключевые слова сатира
610 Ключевые слова 0_
a Ключевые слова сатирическая проза
610 Ключевые слова 0_
a Ключевые слова сатирические произведения
610 Ключевые слова 0_
a Ключевые слова пьесы
610 Ключевые слова 0_
a Ключевые слова сценарии
610 Ключевые слова 0_
a Ключевые слова сатирические пьесы
610 Ключевые слова 0_
a Ключевые слова тема советской жизни
610 Ключевые слова 0_
a Ключевые слова тема приключений
610 Ключевые слова 0_
a Ключевые слова тема сатиры
610 Ключевые слова 0_
a Ключевые слова тема советской власти
610 Ключевые слова 0_
a Ключевые слова тема юмора
686 Индексы других классификаций __
2 Код системы rubbks
a Классификационный индекс 84(2=411.2)6-4; ст84(2=411.2)6-4
700 Автор _1
a Фамилия Ильф
b Имя И.
f Даты 1897-1937
g Полное личное имя Илья
4 Код отношения 070
c Титул (звания) Файнзильберг, Иехиел-Лейб бен Арье
701 Альтернативная интеллектуальная ответственность _1
a Фамилия Петров
b Имя Е.
f Даты 1903-1942
g Полное личное имя Евгений
4 Код отношения 070
c Титул (звания) Катаев, Евгений Петрович
790 Имя лица - альтернативная форма _1
a Имя лица - альтернативная форма Файнзильберг
f Даты 1897-1937
b Имя И.-Л. бен А.
g Полное личное имя Иехиел-Лейб бен Арье
790 Имя лица - альтернативная форма _1
a Имя лица - альтернативная форма Катаев
f Даты 1902-1942
b Имя Е. П.
g Полное личное имя Евгений Петрович
801 Источник записи _0
a Страна RU
b Организация Муниципальное бюджетное учреждение культуры "Централизованная библиотечная система" г. Сургут (Центральная городская библиотека им. А. С. Пушкина)
c Дата составления 20201222
g Правила каталогизации PSBO
801 Источник записи _1
a Страна RU
b Организация Муниципальное бюджетное учреждение культуры "Централизованная библиотечная система" г. Сургут (Центральная городская библиотека им. А. С. Пушкина)
c Дата составления 20201222
g Правила каталогизации PSBO
852 Данные о местонахождении __
j Шифр хранения 84(2=411.2)6-4
i Авторский знак И 48
900 Макрообъекты __
a Макрообъекты Сильное чувство, 2017
901 Тип документа __
t Тип документа x
a Ответственный ООФиК/Волкова
903 Характеристики (МАРС) __
a Дата передачи 20201222
c Наименование библиотеки (МАРС) Муниципальное бюджетное учреждение культуры "Централизованная библиотечная система" г. Сургут (Центральная городская библиотека им. А. С. Пушкина)
990 Данные о заказе (DOS) __
j Количество экземпляров (DOS) 2
t N записи в КСУ для И/У (DOS) 202101